Ciudades más pobladas de la Unión europea - Estadísticas

Estadísticas generales
  • Esta prueba ha sido intentada 617 veces
    267 desde el último reinicio
  • La puntuación promedio es 39 de 59
Estadísticas de respuestas
Población Ciudad % Correcto
3.57 mill Madrid
98%
2.24 mill Paris
98%
3.37 mill Berlín
97%
2.77 mill Roma
97%
1.63 mill Barcelona
96%
1.36 mill Milan
96%
0.81 mill Amsterdam
93%
0.66 mill Atenas
93%
1.14 mill Bruselas
93%
0.71 mill Sevilla
93%
0.81 mill Valencia
93%
1.71 mill Varsovia
93%
1.74 mill Budapest
92%
0.85 mill Marsella
92%
1.39 mill Munich
92%
1,83 mill Viena
92%
0.88 mill Estocolmo
91%
0.96 mill Nápoles
90%
1.88 mill Bucarest
89%
0.48 mill Lyon
87%
0.61 mill Helsinki
86%
0.55 mill Lisboa
86%
0.52 mill Dublín
85%
0.56 mill Copenhague
84%
1.24 mill Praga
84%
0.79 mill Zagreb
84%
1.74 mill Hamburgo
82%
0.70 mill Fráncfort
77%
0.91 mill Turín
77%
0.70 mill Zaragoza
77%
1.24 mill Sofía
75%
0.57 mill Málaga
73%
0.62 mill Roterdam
73%
0.76 mill Cracovia
70%
1.04 mill Colonia
69%
0.71 mill Riga
69%
0.54 mill Vilna
66%
0.65 mill Palermo
60%
0.50 mill La haya
57%
0.59 mill Düsseldorf
55%
0.57 mill Dortmund
48%
0.51 mill Amberes
47%
0.60 mill Stuttgart
47%
0.61 mill Génova
46%
0.53 mill Leipzig
46%
0.55 mill Bremen
39%
0.53 mill Gotemburgo
39%
0.53 mill Dresde
38%
0.51 mill Hánover
35%
0.49 mill Nuremberg
34%
0.57 mill Essen
29%
0.72 mill Łódź
24%
0.63 mill Breslavia
18%
0.55 mill Poznan
15%
0.49 mill Duisburgo
8%
0.60 mill Glasgow
4%
0.76 mill Leeds
2%
0.52 mill Bradford
1%
0.57 mill Sheffield
0%
No se encontraron pruebas coincidentes
Distribución de puntuación
Porcentaje de gente con cada puntuación
Porcentaje por número respondido
Historial de tus puntuaciones
No has intentado esta prueba desde el último reinicio